000 00531nam a2200169 4500
001 121890
003 ES-MaACL
005 20250916063049.0
007 t|
008 070214s1910 sp r ||||1| spa d
100 1 _aPosada, Adolfo,
_d1860-1944
_993316
245 1 0 _aEvolución legislativa del régimen local en España
_b: 1812-1909 /
_cAdolfo Posada.
260 _aMadrid :
_b[s.n.],
_c1910 (
_fViuda e hijos de M. Tello)
300 _aXXXI, 513 p. ;
_c20 cm.
852 _aES-MaACL
_jF-11649
999 _c121890
_d121890